00513 a2200181 450000100060000002000150000604000260002110000220004724000380006924500330010730000070014036200090014744000150015665000230017194200070019495201130020199900170031450399 a8528104567 cAnchieta - Bela Vista aGreverand, Garard10aDo que é que você gosta?lpor10aDo que é que você gosta? a480 a2001 1aSalamandra 4aLiteratura juvenil cBK 00104070a91.4b91.4d2023-11-21l0oLJ 028.5 G837d GRE DOQp4247/BELr2023-11-21 17:42:31w2023-11-21yBK c50399d50399